Tapez les chiffres de 1 à 15 en 20 secondes. - Statistiques

Statistiques générales
  • Ce quiz a été pris 1 455 fois
  • Le résultat moyen est 15 sur 15
Statistiques - réponses
Hint Réponse % Correct
Answer 1
100%
Answer 2
99%
Answer 3
99%
Answer 4
99%
Answer 5
98%
Answer 6
98%
Answer 7
98%
Answer 8
98%
Answer 9
98%
Answer 10
97%
Answer 11
96%
Answer 12
95%
Answer 13
95%
Answer 14
95%
Answer 15
94%
Aucun quiz correspondant
Distribution des résultats
% des personnes avec chaque résultat
Percentile par nombre de réponses
Votre historique - résultats
Vous n’avez pas pris ce quiz